Στατιστική επιχειρήσεων
Αποθηκεύτηκε σε:
| Κύριος συγγραφέας: | |
|---|---|
| Άλλοι συγγραφείς: | , |
| Μορφή: | Βιβλίο |
| Γλώσσα: | Greek |
| Δημοσίευση: |
Αθήνα :
Οργανισμός Εκδόσεως Διδακτικών Βιβλίων,
2002.
|
| Έκδοση: | 4η έκδ. |
| Θέματα: | |
| Ετικέτες: |
Προσθήκη ετικέτας
Δεν υπάρχουν, Καταχωρήστε ετικέτα πρώτοι!
|
MARC
| LEADER | 00000cam a2200000 i 4500 | ||
|---|---|---|---|
| 001 | 1/74222 | ||
| 008 | 050323s2002 gr | ||| |||| ||gre|| | ||
| 035 | |l 10077319 | ||
| 040 | |a GR-MyUa |b gre |e AACR2 | ||
| 041 | 0 | |a gre | |
| 082 | 7 | |a 519.5 |2 (21) | |
| 100 | 1 | |a Καραγεώργος, Δημήτριος Ε. | |
| 245 | 1 | 0 | |a Στατιστική επιχειρήσεων / |c Καραγεώργος Δημήτριος, Κόκλα Άννα-Μαρία, Παπακωνσταντίνου Ευάγγελος. |
| 250 | |a 4η έκδ. | ||
| 260 | |a Αθήνα : |b Οργανισμός Εκδόσεως Διδακτικών Βιβλίων, |c 2002. | ||
| 300 | |a 264 σ. : |b εικ. ; |c 24 εκ. | ||
| 500 | |a Α' τάξης Τ.Ε.Ε - Τομέας Οικονομίας και Διοίκησης. | ||
| 650 | 0 | 0 | |a Commercial statistics |x Study and teaching (higher) |
| 650 | 0 | 0 | |a Statistics |x Study and teaching (Higher) |
| 700 | 1 | |a Κόκλα, Άννα-Μαρία. | |
| 700 | 1 | |a Παπακωνσταντίνου, Ευάγγελος Θ. | |
| 852 | |a INST |b SAMOS |e 20050323 |h 519.5 ΚΑΡ |p 005300025265 |q 005300025265 |t BK |y 0 | ||
| 901 | |a BIBL3-2005-1 | ||
| 970 | |a ΜΑΛΑΓΑΡΗ |b ΦΩΤΕΙΝΗ |z 2005/03/23 | ||